000 00327 a2200145 4500
001 169305
020 _a
040 _cMagnum
100 _aCarrano, Paulo Cesar R. (Org.)
240 1 0 _aFutebol: paixao e politica
_lpor
245 1 0 _aFutebol: paixao e politica
362 0 _a1899
697 _aEDUCACAO FISICA
942 _cBK
999 _c169305
_d169305